| 000 | 00926nam a2200253 a 4500 | ||
|---|---|---|---|
| 005 | 20131028070054.0 | ||
| 008 | 940323s1994 nyua b 000 0 eng d | ||
| 020 | _a0871241579 | ||
| 041 | 0 | _aeng | |
| 080 |
_a327 _x(081) |
||
| 100 | 1 |
_aAppleby, R. Scott, _d1956- |
|
| 245 | 1 | 0 |
_aReligious fundamentalisms and global conflict / _cby R. Scott Appleby. |
| 260 |
_aIthaca, N.Y. : _bForeign Policy Association, _c1994. |
||
| 300 |
_a79 p. : _bill. ; _c20 cm. |
||
| 440 | 0 |
_aHeadline series, _x0017-8780 ; _vno. 301 |
|
| 500 | _aForeword : f. 3-6 | ||
| 500 | _aCover title. | ||
| 504 | _aIncludes bibliographical references (p. 77-78). | ||
| 505 | 0 | _aThe surprising resurgence of religion -- The rise and social dynamics of fundamentalism -- The impact of fundamentalisms -- Interpretations of fundamentalism. | |
| 650 | 0 | _aFundtamentalizmi | |
| 650 | 0 | _aFeja dhe politika | |
| 650 | 0 | _aKonflikte kulturore | |
| 942 |
_2udc _cBK |
||
| 999 |
_c168 _d168 |
||